Estadísticas para Adivina La edad de los jugadores

Haz click aquí para intentar la prueba.

Estadísticas generales

  • Esta prueba ha sido intentada 14 veces
  • La puntuación promedio es 6 de 8

Estadísticas de respuestas

Respuesta% Correcto
23
100%
23
92%
26
92%
30
83%
31
83%
28
67%
23
58%
30
50%

Distribución de puntuación

Porcentaje por número respondido

Porcentaje de gente con cada puntuación

Historial de tus puntuaciones

No has intentado esta prueba.